000 00714nam a2200205Ii 4500
003 JO-AjNU
008 230605s9999||||xx |||||||||||||| ||und||
040 _aJO-AjNU
_bara
_erda
_cJO-AjNU
041 _aara
050 1 4 _aBP134.N86.A2825 2006
100 3 _aبقلم أبو خضر، مأمون يوسف,
_eauthor
_923494
245 0 0 _aالرقم (7) تمام العد والمالانهاية
264 3 1 _aد.م:د.ن،2006
300 _aج7، 173ص
336 _atext
_btxt
_2rdacontent
337 _aunmediated
_bn
_2rdamedia
338 _avolume
_bnc
_2rdacarrier
490 0 _aسلسلة الارقام العربية العشرة
650 4 _aالاسلام - الارقام العشر - اعجاز
_923495
999 _aA8508
_c12076
_d12076